| 000 | 00773nam a2200217 4500 | ||
|---|---|---|---|
| 005 | 20210920201824.0 | ||
| 008 | 210920s1994 pe |||fr|||| 00| 0 spa d | ||
| 020 | _a8489306109 | ||
| 040 |
_aCENDOC CAAAP _bspa _cCAAAP |
||
| 041 | _aspa | ||
| 050 |
_aHV 5840.P3 _bC73 |
||
| 245 |
_aDrogas y control :penal en los Andes _bdeseos, utopías y efectos |
||
| 250 | _a1ra ed. | ||
| 260 |
_aLima: _bComisión Andina de Juristas, _c1994 |
||
| 300 | _a397 p. | ||
| 505 | _aContiene : Narcotráfico y control penal -- Estudios -- Informe sobre el problema de la salud y las drogas -- Las drogas y sus discurso -- Cuadros. | ||
| 650 | 1 | 0 |
_9821 _aTráfico de drogas |
| 650 | 2 | 0 |
_93286 _aAdministración de la justicia |
| 650 | 2 | 0 |
_93404 _aLegislación |
| 942 |
_2lcc _b20 - 09 - 21 _cBK |
||
| 999 |
_c2473 _d2473 |
||